Detalles MARC
| 000 -LIDER |
| fixed length control field |
01118cam a2200337 a 4500 |
| 001 - NÚMERO DE CONTROL |
| Identificador de número de control |
1162 |
| 003 - IDENTIFICACDOR DE NÚMERO DE CONTROL |
| control field |
DO-SdBPM |
| 005 - DATE AND TIME OF LATEST TRANSACTION |
| control field |
20241204115817.0 |
| 007 - CAMPOS FIJOS DE DESCRIPCIÓN FÍSICA |
| fixed length control field |
1163 |
| 008 - ELEMENTOS DE LONGITUD FIJA |
| fixed length control field |
831026s2008 ag 000 f spa |
| 020 ## - ISBN |
| International Standard Book Number |
9789500815970 |
| 040 ## - FUENTE DE CATALOGACIÓN |
| Agencia que crea de manera original el registro |
DO-SdBPM |
| Agencia que realiza la transcripción |
spa |
| Agencia que realiza la modificación |
BPMSU |
| 082 #4 - NÚMERO DE CLASIFICACIÓN DECIMAL DE DEWEY |
| Classification number |
813.4 |
| Item number |
A355m 2008 |
| Edition number |
22 |
| 100 1# - ASIENTO PRINCIPAL -- NOMBRE PERSONAL |
| Nombre personal |
Alcott, Louisa May, |
| Fechas asociadas con el nombre |
1832-1888. |
| 240 10 - TITULO UNIFORME |
| Título uniforme |
Litle women. |
| Idioma de una obra |
Español. |
| 245 10 - MENCIÓN DE TITULO |
| Título |
Las mujercitas se casan / |
| Mención de responsabilidad |
Louisa May Alcott; traducción Coras Bosch; Ilustraciones Horacio D. Gatto ; adaptación Rosa S. Corgatelli |
| 250 ## - MENCIÓN DE EDICION |
| Mención de edición |
7a ed. |
| 260 ## - PUBLICACIÓN, DISTRIBUCIÓN, ETC. (PIE DE IMPRENTA) |
| Lugar de publicación, distribución, etc |
Bueno Aires : |
| Nombre del editor, distribuidor, etc. |
Editorial Atlántida , |
| Fecha de publicación, distribución, etc |
2008 |
| 300 ## - DESCRIPCIÓN FÍSICA |
| Extensión |
208 p. ; |
| Dimensiones |
20 cm. |
| 490 0# - MENCIÓN DE SERIES |
| Mención de serie |
Nueva biblioteca Billiken, |
| Volume/sequential designation |
13 |
| 534 ## - NOTA SOBRE LA VERSIÓN ORIGINAL |
| Asiento principal del original |
Título original: |
| Mención del título original |
Litle women |
| 590 ## - NOTA LOCAL |
| Texto de la nota local |
Inventariado, 2024/VM |
| 650 #4 - ENCABEZAMIENTO DE MATERIA--TEMÁTICO |
| Término temático o nombre geográfico como elemento de entrada |
Novela juvenil estadounidense |
| 650 #4 - ENCABEZAMIENTO DE MATERIA--TEMÁTICO |
| Término temático o nombre geográfico como elemento de entrada |
Literatura juvenil estadounidense |
| 700 1# - ASIENTO SECUNDARIO -- NOMBRE PERSONAL |
| Nombre personal |
Horacio D. Gatto Horacio |
| Mención de responsabilidad |
ilustraciones |
| 700 1# - ASIENTO SECUNDARIO -- NOMBRE PERSONAL |
| Nombre personal |
Lilian, Benmayor |
| 700 1# - ASIENTO SECUNDARIO -- NOMBRE PERSONAL |
| Nombre personal |
Coras Bosch; |
| Mención de responsabilidad |
tr. |
| 700 1# - ASIENTO SECUNDARIO -- NOMBRE PERSONAL |
| Nombre personal |
Rosa S. Corgatelli |
| 910 ## - VALIDACIÓN |
| Validación |
VMateo V. Control de calidad. BPMSU |
| 942 ## - ADDED ENTRY ELEMENTS (KOHA) |
| Source of classification or shelving scheme |
Dewey Decimal Classification |
| Koha item type |
Libros |